Dibujo técnico: dibujo lineal, proyecciones, representaciones gráficas de estadisticas y cálculos, dibujo mecánico

Збережено в:
Бібліографічні деталі
Автор: Evelson, M (Автор)
Формат: Книга
Мова:Іспанська
Опубліковано: Buenos Aires Holby 1962
Предмети:
Теги: Додати тег
Немає тегів, Будьте першим, хто поставить тег для цього запису!

MARC

LEADER 00000nam a2200000 a 4500
001 UCY0376
003 CL-VaPUC
008 940728e19620000AG |||||||||||||||||spa|d
082 0 4 |a 604.2  |b EVE  |2 21 
100 0 |a Evelson, M  |e author  |9 328055 
245 1 0 |a Dibujo técnico: dibujo lineal, proyecciones, representaciones gráficas de estadisticas y cálculos, dibujo mecánico 
300 |a 349 p 
942 |c BK 
945 |d 19940728 00:00:00  |a oaravena 
260 |a Buenos Aires  |b Holby  |c 1962 
650 7 |a DIBUJO TECNICO  |2 CL-VaPUC  |9 328056 
583 |a last modification  |c 19940728 00:00:00  |k Rodrigo Vera 
999 |c 229386  |d 229384 
952 |0 0  |1 0  |4 0  |6 604_200000000000000_EVE_1962  |7 0  |8 A  |9 230475  |a BIBARQ  |b BIBARQ  |d 2019-11-15  |i 2997967  |l 2  |o 604.2 EVE 1962  |p 2997967  |r 2025-01-20  |s 2024-05-16  |w 2019-11-15  |y BK  |k ARQ